MARC

LEADER 00000nam0a2200000 4500
001 290308
005 20231102000255.0
020 |a RU  |b 83-64950 
035 |a (RuTPU)RU\TPU\book\314856 
090 |a 290308 
100 |a 20150406d1983 k y0rusy5003 ca 
101 0 |a rus 
102 |a UA 
105 |a a z 000zy 
200 1 |a Многократно адаптивные системы идентификации  |f А. Н. Сильвестров, О. М. Папченко 
210 |a Киев  |c Технiка  |d 1983 
215 |a 111 с.  |c ил. 
606 1 |a Адаптивные системы  |2 stltpush  |3 (RuTPU)RU\TPU\subj\1514  |9 30286 
610 1 |a многократно адаптивные системы 
610 1 |a объемная идентификация 
610 1 |a математические модели 
610 1 |a алгоритмы 
610 1 |a системы управления 
610 1 |a системы прогнозирования 
610 1 |a системы контроля 
675 |a 681.513.6  |v 4 
700 1 |a Сильвестров  |b А. Н.  |g Антон Николаевич 
701 1 |a Папченко  |b О. М.  |g Олег Михайлович 
801 0 |a RU  |b RuMRKP  |c 19950704  |g psbo 
801 1 |a RU  |b 63413507  |c 20150406 
801 2 |a RU  |b 63413507  |c 20181121  |g RCR 
942 |c BK